• 首页
  • 本馆介绍
  • 公告通知
  • 最新文献
  • 馆藏检索
  • 电子资源
  • 读者导购
  • 参考咨询
  • 我的图书馆
  • 登录
  • 详细信息显示
  • 放入我的书架
  • 预约/预借图书
  • 作者相关作品
  • 分类相关作品
  • 丛书相关作品
  • 出版社相关作品

书目信息

  • 表格格式
  • 工作单格式
  • 卡片格式
题名:
录音录像技术
    
 
作者: 徐中州 主编
分册:  
出版信息: 西安   西安电子科技大学出版社  1993.8
页数: 294页
开本: 26cm
丛书名:
单 册:
中图分类: TN946 , TN912.22
科图分类: 73.41355
主题词: 磁记录--技术--高等学校--教材 , 磁带录音机--高等学校--教材 , 磁带录象机--高等学校--教材
电子资源:
ISBN: 7-5606-0240-1
000 00962nam0 2200301 45
001 0193049404
005 20070725102330.75
010    @a7-5606-0240-1@dCNY14.80
100    @a19931106d1993 em y0chiy0121 ea
101 0  @achi
102    @aCN@b610000
105    @af z 000yy
200 10 @a录音录像技术@ALU YIN LU XIANG JI SHU@f徐中州主编@FXU ZHONG ZHOU ZHU BIAN
210    @a西安@c西安电子科技大学出版社@d1993.8@h1995
215    @a294页@d26cm
300    @a普通高等教育家用电器类规划教材
314    @a徐中州,深圳大学任教
330    @a包括:磁记录基础、录音机原理与技术、录像机原理与技术3部分内容。
540 1  @a录音 录像@ALU YIN LU XIANG
606    @a磁记录@x技术@x高等学校@x教材
606    @a磁带录音机@x高等学校@x教材
606    @a磁带录象机@x高等学校@x教材
690    @aTN946@v三版
690    @aTN912.22@v三版
692    @a73.41355
701  0 @a徐中州@AXU ZHONG ZHOU@4主编
801  0 @aCN@bTSSF@c20070725
905    @a10447@dTN912.22@e64
    
    录音录像技术/徐中州主编.-西安:西安电子科技大学出版社,1993.8(1995)
    294页;26cm
    普通高等教育家用电器类规划教材
    
    ISBN 7-5606-0240-1:CNY14.80
    包括:磁记录基础、录音机原理与技术、录像机原理与技术3部分内容。
●
相关链接 在E读中查询图书 在五车中查询图书 在当当中查询图书 在豆瓣中查询图书


正题名:录音录像技术     索取号:TN912.22/64         预约/预借

序号 登录号 条形码 馆藏地/架位号 状态 备注
1 0766341   207663410   第二样本阅览室/ [索取号:TN912.22/64] 在馆    
唐山师范学院图书馆 欢迎您!
大连网信软件有限公司© 版权所有